| 000 | 00508nam a2200145Ia 4500 | ||
|---|---|---|---|
| 008 | 211109s9999||||xx |||||||||||||| ||und|| | ||
| 082 |
_a894.81292 _bTHO-M |
||
| 100 | _aThomas, M V | ||
| 245 | 0 | _aMahacharithamaala-20 Biographies of O. Chanthu Menon, C V Raman, Pillai, Uroob | |
| 260 |
_bNATIONAL BOOKSTALL _aKottayam _c1981 |
||
| 300 | _a99p. | ||
| 630 | _xGeneral Stack | ||
| 650 |
_aBiography, genealogy & insignia _vAltaic, Uralic, Hyperborean & Dravidian _xLiterature & rhetoricGeneralia |
||
| 942 | _cBOOK | ||
| 999 |
_c93747 _d93747 |
||